| 000 | 00538nam a2200193 a 4500 | ||
|---|---|---|---|
| 005 | 20140310183439.0 | ||
| 008 | 080303s19uu xx 00 eng d | ||
| 020 | _a1841123544 | ||
| 050 |
_aHD 58.82 _b.P511 2002 |
||
| 100 | _aPettinger, Richard | ||
| 245 |
_aThe learning organization / _cRichard Pettinger |
||
| 260 |
_aUnited Kingdom : _bCapstone Publishing, _c2002. |
||
| 300 |
_a100 p. : _bill. ; _c18 cm. |
||
| 521 | _aBSBA | ||
| 650 | _aManagement. | ||
| 650 | _aExecutive ability. | ||
| 942 |
_cBK _2lcc _kFOR |
||
| 999 |
_c23017 _d23017 |
||